Rozpoznaj dzielnice miasta Sosnowiec - Statystyki

Ogólne statystyki
  • Ten quiz został rozwiązany 203 razy
  • Średni wynik to 7 z 13
Statystyki odpowiedzi
Obrazkowy Odpowiedź % Poprawnych
Śródmieście
93%
Środula
86%
Śródmieście
80%
Zagórze
67%
Kazimierz Górniczy
61%
Zagórze
61%
Sielec
59%
Jęzor/Niwka
56%
Stary Sosnowiec
56%
Dańdówka
48%
Milowice
30%
Zagórze
30%
Modrzejów
11%
Nie znaleziono quizów pasujących do podanych kryteriów
Rozkład punktacji
Procent ludzi z każdym wynikiem
Percentyl według liczby udzielonych odpowiedzi
Twoja historia wyników
Nie rozwiązałeś tego quizu